000
00234nam a2200097Ia 4500
008
231107s1995 xx 000 0 und d
041
_a
eng
100
_a
Lewis G.
245
_a
Carpentry
260
_a
London
_b
Delmar Publishers Inc.
_c
1995
999
_c
928198
_d
928198